Голубой чертополох романтизма: [рассказы]; пер. с нем.

Podrobná bibliografie
Hlavní autor: Айзенрайх Х. Херберт
Další autoři: Архипов Ю. И. Юрий Иванович (составитель)
Shrnutí:Исключено из фонда НТБ ТПУ
Jazyk:ruština
Vydáno: Москва, Прогресс, 1982
Médium: MixedMaterials Kniha
KOHA link:https://koha.lib.tpu.ru/cgi-bin/koha/opac-detail.pl?biblionumber=125308

MARC

LEADER 00000nam0a2200000 4500
001 125308
005 20231031131324.0
020 |a RU  |b 82-57823 
035 |a (RuTPU)RU\TPU\book\135603 
090 |a 125308 
100 |a 20071115d1982 m y0rusy5003 ca 
101 1 |a rus  |c ger 
102 |a RU 
105 |a a z 000ay 
200 1 |a Голубой чертополох романтизма  |e [рассказы]  |e пер. с нем.  |f Х. Айзенрайх  |g сост. Ю. И. Архипов 
210 |a Москва  |c Прогресс  |d 1982 
215 |a 312 с.  |c ил. 
333 |a Исключено из фонда НТБ ТПУ 
700 1 |a Айзенрайх  |b Х.  |g Херберт 
702 1 |a Архипов  |b Ю. И.  |g Юрий Иванович  |4 220 
801 0 |a RU  |b RuMRKP  |c 19950704  |g psbo 
801 1 |a RU  |b 63413507  |c 20071115  |g PSBO 
801 2 |a RU  |b 63413507  |c 20220513  |g PSBO 
942 |c BK